01650 a2200241 45000010006000000050017000060080041000230030015000640400040000790800073001192450041001920200022002332500012002552640048002673000024003155050864003390410008012031000025012117000020012367000033012567000020012898560099013094969120260407155758.0260407a2018 arg spa dAR-UNSa-BCEJYS aAR-UNSa-BCEJYSbspacAR-UNSa-BCEJYS a658.3xPersonal. Relaciones humanas en la empresa (Recursos Humanos)10aAdministración de recursos humanos a978-607-526-526-1 a17a. ed 1aMéxico :bCengage Learning Editoresc2018 axxx, 706 p.c27 cm. a1. Desafíos y recompensas de la administración de recursos humanos - 2. Estrategia y planeación de recursos humanos - - 3. Igualdad de oportunidades de empleo y administración de recursos humanos - 4. Análisis y diseño de puestos - 5. Ampliación de la reserva de talento: reclutamiento y carreras - 6. Selección de empleados - 7. Capacitación y desarrollo - 8. Administración del desempeño - 9. Administración de la compensación - 10. Pago por desempeño: recompensas para incentivar - 11. Beneficios y prestaciones para los empleados - 12. Promoción de la higiene y la seguridad - 13. Derechos y disciplina de los empleados - 14. Dinámica de las relaciones laborales - 15. Administración internacional de recursos humanos - 16. Implementación de la estrategia de recursos humanos: sistemas de trabajo de alto desempeño.  aspa1 aBohlander, George W.1 aSnell, Scott A.1 aGarcía Álvarez, Consuelo1 aMorris, Shad S.41uhttps://www.biblioeco.unsa.edu.ar/pmb/images/libros/L128153.jpgyImagen de portadaqimage/jpeg